Gramática de la lengua castellana / (Registro nro. 30879)

Detalles MARC
000 -LEADER
campo de control de longitud fija 00683nam a2200193 i 4500
001 - NÚMERO DE CONTROL
campo de control 30879
003 - IDENTIFICADOR DE NÚMERO DE CONTROL
campo de control ES-MaACL
005 - FECHA Y HORA DE LA ÚLTIMA TRANSACCIÓN
campo de control 20250830034005.0
007 - CAMPO FIJO DE DESCRIPCIÓN FÍSICA--INFORMACIÓN GENERAL
campo de control de longitud fija t|
008 - DATOS DE LONGITUD FIJA--INFORMACIÓN GENERAL
campo de control de longitud fija 030127m19031905sp ||||1| spa d
100 1# - ENTRADA PRINCIPAL--NOMBRE DE PERSONA
Nombre de persona Bello, Andrés.
9 (RLIN) 27233
245 10 - MENCIÓN DEL TÍTULO
Título Gramática de la lengua castellana /
Mención de responsabilidad, etc. Andrés Bello.
260 ## - PUBLICACIÓN, DISTRIBUCIÓN, ETC.
Lugar de publicación, distribución, etc. Madrid :
Nombre del editor, distribuidor, etc. [s.n.,
Fecha de publicación, distribución, etc. 1903-1905] (
Fabricante Sucesores de Rivadeneyra)
300 ## - DESCRIPCIÓN FÍSICA
Extensión 2 v. ;
Dimensiones 17 cm.
490 1# - MENCIÓN DE SERIE
Mención de serie Colección de escritos castellanos. Obras completas de Andrés Bello ;
Designación de volumen o secuencia 6, 8
830 00 - PUNTO DE ACCESO ADICIONAL DE SERIE-TÍTULO UNIFORME
Título uniforme Colección de escritos castellanos.
Nombre de parte o sección de la obra Obras completas de Andrés Bello
Designación de volumen o secuencia 6, 8
9 (RLIN) 229352
852 ## - LOCALIZACIÓN
Ubicación ES-MaACL
Número de control de estantería F-12422-23
Existencias
Estatus retirado Estado de pérdida Estado de daño No para préstamo Biblioteca de origen Biblioteca actual Ubicación en estantería Fecha de adquisición Fuente de adquisición Total de préstamos Signatura topográfica completa Código de barras Visto por última vez Precio de reemplazo Tipo de ítem Koha
        Biblioteca del Ateneo de Madrid Biblioteca del Ateneo de Madrid Sala Pecera Planta 2 17/01/2008     F-12422-23 1031899 23/02/2023 23/02/2023 Libro impreso